1160 1358 1423 1136 1354 1974 1821 1653 1176 1892 1207 1587 1209 1391 1271 1716 1847 1736 1400 1804 1936 1482 1859 1080 1744 1798 1691 1835 1495 1659 1938 1196 1449 1053 1805 1604 1635 1496 1221 1528 1547 1916 1711 1138 1976 1971 1172 1698 1100 1470 1609 1645 1160 1738 1717 1345 1592 1501 1009 1508 1437 1899 1646 1229 1348 1651 1774 1202 1436 1314 1207 1416 1920 1101 1557 1915 1087 1602 1410 1478 1531 1716 1424 1237 1859 1012 1210 1865 1346 1058 1576 1897 1787 1396 1330 1956 1003 1165 1590 BCNSPRNW ULIB Ver.6.0+V

เปลี่ยนเป็นภาษาไทย

Change to English
 แสดงรายละเอียดบรรณานุกรม
  กลับหน้าหลัก

Brief Record : Get Marc (ISO 2709) : E-mail record : QR code < ปิดหน้าต่าง
LEADER : 00000nam 2200000uu 4500
001    13399113162
003     ULIB
008    110929s2548||||th 000 0 tha d
020    9789748283070
050  4 QA76.73^bน658ท 2548
100 0  นิรุธ อำนวยศิลป์
245 10 เทคนิค PHP เพื่อการต่อยอด 3 /^cนิรุธ อำนวยศิลป์
260    กรุงเทพฯ :^bThaidev,^c2548
300    168 หน้า :^bภาพประกอบ ;^c22 ซม.
650  7 php
650  7 เว็บไซต์^xการออกแบบ
710 1  Thaidev
945    ^p179^l0^i025143
995    ทศพร
999 ^a ทศพร
รายการนี้ยังไม่มีแท็ก
คุณยังไม่ได้ล็อกอิน คุณสามารถมีกิจกรรมร่วมกับเว็บไซต์ได้ แต่ต้องล็อกอินก่อน ::
  ล็อกอิน

รายการสื่อสารสนเทศ

ลำดับที่ ประเภท เลขเรียก/บาร์โค้ด สถานที่ สถานะ
- ไม่พบข้อมูล -

รายการใกล้เคียง
    ผู้แต่ง [นิรุธ อำนวยศิลป์]

    หัวเรื่อง [php]

BibComment


ยังไม่เคยถูกคอมเมนท์

คอมเมนท์ทรัพยากรรายการนี้
  คอมเมนท์: เทคนิค PHP เพื่อก..


 Copyright 2026. Bcnsprnw @Library